Financial management of financial institutions
Αποθηκεύτηκε σε:
| Κύριος συγγραφέας: | |
|---|---|
| Άλλοι συγγραφείς: | |
| Μορφή: | Βιβλίο |
| Γλώσσα: | English |
| Δημοσίευση: |
Englewood Cliffs, N.J. :
Prentice-Hall,
c1977
|
| Σειρά: | Prentice-Hall foundations of finance series
|
| Θέματα: | |
| Ετικέτες: |
Προσθήκη ετικέτας
Δεν υπάρχουν, Καταχωρήστε ετικέτα πρώτοι!
|
MARC
| LEADER | 00000cam a2200000 i 4500 | ||
|---|---|---|---|
| 001 | 1/24703 | ||
| 008 | 950824s1977 eng d | ||
| 020 | |a 0133159604 (pbk) | ||
| 035 | |l 10022349 | ||
| 040 | |a GR-MY-UA |b gre |e aacr | ||
| 041 | 0 | |a eng | |
| 082 | 0 | |a 658.1/59 | |
| 100 | 1 | |a Hempel, George H. | |
| 245 | 1 | 0 | |a Financial management of financial institutions / |c George H. Hempel, Jess B. Yawitz |
| 260 | |a Englewood Cliffs, N.J. : |b Prentice-Hall, |c c1977 | ||
| 300 | |a xxii, 263 p.; |b ill.; |c 23 cm | ||
| 490 | 1 | |a Prentice-Hall foundations of finance series | |
| 504 | |a Includes bibliographies and index | ||
| 650 | 0 | 0 | |a Financial institutions |z United States |x Investments |x Management. |
| 700 | 1 | |a Yawitz, Jess B. |d 1946- | |
| 852 | |a INST |b CHIOS |e 19950824 |h 658.159 HEM |p 005200004485 |q 005200004485 |t BK |y 0 | ||
| 909 | |a Χ |b 000022 | ||